000 00624nam a2200265Ia 4500
003 OSt
005 20220912153133.0
006 a|||||r|||| 00| 0
007 ta
008 220909b |||||||| |||| 00| 0 eng d
024 _a19116
037 _cTextual
040 _aCSL
_beng
_cCSL
041 _aeng
082 _aY72:36.273, M2
100 _aSingh Ajit K
245 0 _aTribal festivals of Bihar
300 _ap.
_ccm.
650 _a activity
650 _a tribal
650 _a Tribes
650 _aPrimitive
942 _hY72:36.273, M2
_cTEXL
_2CC
999 _c98758
_d98758